000 01383nam a2200277 u 4500
005 20240524070845.0
008 210106s2020 vm vie d
020 _a9786045848012
_c:98.000 VNĐ
040 _aDLC
_bvie
_eAACR2
041 1 _avie
_heng
044 _avm
082 7 4 _a177.7
_bT550T
100 1 _aRussell, Bernadette
245 _aTử tế đáng giá bao nhiêu?
_b: The little book of kindness : everyday actions to change your life and the world around you
_c/Bernadette Russell ; Thanh Thảo dịch.
246 1 1 _aThe little book of kindness
_b: everyday actions to change your life and the world around you
250 _a Tái bản lần 1.
260 _a TP. Hồ Chí Minh
_b: Tổng hợp TP. Hồ Chí Minh
_c, 2020
300 _a158 tr.
_c; 17 cm
520 3 _aNhững ý tưởng giúp bạn thực hành sự tử tế trong cuộc sống hằng ngày và duy trì sự tử tế của bạn suốt cả năm: Tử tế với bản thân, những người bạn yêu thương, người lạ, những người bất đồng ý kiến với bạn, người lớn tuổi, với môi trường, với cộng đồng nơi bạn đang sống, tử tế trên mạng xã hội, tử tế trong công việc.
653 0 _aKindness
653 4 _aHạnh phúc
653 4 _aLòng tốt
653 0 _aHappiness
700 0 _aThanh Thảo
942 _2ddc
_cBK
999 _c5
_d5